000 00568nam a2200193Ia 4500
005 20260120131834.0
008 008 260114s9999 xx 000 0 eng d
020 _a9780197730263
037 _aEBOOK
040 _aCRL
_beng
_cCRL
041 _aeng
_2eng
084 _qCRL
100 _aFlanagan
_9931828
245 0 _aDreaming Souls: Sleep, Dreams and the Evolution of the Conscious Mind
260 _bOxford University PressOxford University Press
_c2023
856 _uhttps://academic.oup.com/book/49448
942 _cEBOOK
999 _c1523750
_d1523750